Country Flags with Landlocked Colours - Sudden Death - Statistics

General Stats
  • This quiz has been taken 133 times
  • The average score is 8 of 18
Answers on the Grid
Answers color-coded by a green-red scale on the quiz's grid according to % correct below.
Maldives
Albania
Ethiopia
Japan
Brazil
Burkina Faso
Argentina
Ghana
Venezuela
Cyprus
Lebanon
Morocco
Mauritania
Papua New Guinea
Somalia
Sri Lanka
Suriname
Turkey
Bahamas
France
Sweden
United States
Nigeria
Madagascar
Ireland
Seychelles
South Africa
Czechia
Tanzania
Qatar
 
Answer Stats
Answer % Correct
Japan
62%
Turkey
58%
Somalia
53%
Brazil
52%
Sri Lanka
52%
Albania
48%
Ghana
48%
Argentina
47%
Cyprus
47%
Lebanon
47%
Burkina Faso
45%
Morocco
45%
Ethiopia
44%
Maldives
42%
Venezuela
41%
Mauritania
38%
Papua New Guinea
38%
Suriname
36%
No matching quizzes found
Score Distribution
Percent of People with Each Score
Percentile by Number Answered
Your Score History
You have not taken this quiz